| 000 | 01030nam a2200265 a 4500 | ||
|---|---|---|---|
| 001 | 36974 | ||
| 003 | BD-RjUL | ||
| 005 | 20211209052550.0 | ||
| 008 | 910205r20001991nyuaf b 001 0 eng | ||
| 020 | _a0522846386 | ||
| 035 | _a(BD-RjUL)37076 | ||
| 040 |
_aDLC _cDLC _dDLC _dBD-RjUL _beng |
||
| 041 | _aeng | ||
| 082 | 0 | 0 |
_a595.70994 _220 _bINS 2000 |
| 245 | 0 | 4 |
_aThe Insects of Australia : _ba textbook for students and research workers / _cDivision of Entomology, Commonwealth Scientific and Industrial Research Organisation. _nVolume-II |
| 250 | _a2nd ed. | ||
| 260 |
_aIthaca, N.Y. : _bCornell University Press, _c1991[reprint 1996, 2000] |
||
| 300 |
_avi, 544-1137 p. : _bill. (some col.) ; _c29 cm. |
||
| 504 | _aIncludes bibliographical references (v. 2, p. 1001-1073) and index. | ||
| 650 | 0 |
_aInsects _zAustralia. _9111806 |
|
| 710 | 2 |
_aCommonwealth Scientific and Industrial Research Organization (Australia). _bDivision of Entomology. _9111805 |
|
| 942 |
_2ddc _cBK |
||
| 999 |
_c36974 _d36974 |
||